| 000 | 01219nam0a2200397 4500 | ||
|---|---|---|---|
| 001 | RU\NLR\bibl\251123 | ||
| 005 | 20260406131912.0 | ||
| 010 |
_a5-7135-0046-26 _93000 |
||
| 021 |
_aRU _b2001-47901 _92298 |
||
| 035 | _a(NLR Aleph) 000246922 | ||
| 090 |
_a1440065 _c1440065 |
||
| 100 | _a20020320d2001 |||y0rusy50 ca | ||
| 101 | 0 | _arus | |
| 102 | _aRU | ||
| 105 | _aa ||||||||| | ||
| 200 | 1 |
_aДао - река жизни _aРеволюция, ч. 2 _fОшо _g[Пер. Архипов А.] |
|
| 210 |
_aМ. _cНирвана _d2001 |
||
| 215 |
_a320 с. _cил. _d22 |
||
| 606 | 0 |
_aДаосизм _9921505 _3RU\NLR\auth\66337928 |
|
| 606 | 0 |
_aВера религиозная _91268905 _3RU\NLR\auth\66204292 |
|
| 610 | 0 | _aТантризм (филос.) | |
| 610 | 0 | _aМедитация | |
| 675 |
_a294 _v3 _zrus |
||
| 686 |
_a21.51 _2rugasnti |
||
| 686 |
_a86.35 _2rubbk |
||
| 686 | _aЭ342 | ||
| 686 | _aЭ243.32 | ||
| 700 | 0 |
_4070 _8rus _7ca _aОшо _f1931-1990 _3RU\NLR\AUTH\771622 _9111642 |
|
| 801 | 0 |
_aRU _bRKP _c20020320 _gPSBO |
|
| 801 | 1 |
_aRU _bRKP _c20020320 |
|
| 801 | 2 |
_aRU _bNLR _c20020523 _grcr |
|
| 942 | _cBOOK | ||
| 980 | _aNB | ||